| 000 | 01080 a2200217 4500 | ||
|---|---|---|---|
| 020 | _a9788131706763 | ||
| 020 | _a9788131706763 | ||
| 082 | _a536.7 | ||
| 090 |
_c1650 _d1650 |
||
| 100 | 1 | _aSchroeder, Daniel V. | |
| 245 | 1 | 3 |
_aAn introduction to thermal physics / _cDaniel V. Schroeder. |
| 250 | _a1st ed. | ||
| 260 |
_aNew Delhi _bPearson Education _c2008. |
||
| 300 |
_a422 p. ; _c24 cm. |
||
| 942 |
_aSNS _cBK _k536.7 SCH |
||
| 999 |
_c30259 _d30259 |
||